00358nam a2200157Ia 45000010006000000050017000060080041000230410008000640820025000721000042000972450029001392600009001683000007001776500008001846540008001921003320260306161802.0260306t2000||||xx |||||||||||||| ||spa|| aESP aPE 869.568bV19 T. 1 aSilva Santisteban, Ricardo (ed.)eAUT 0aValdelomar texto impreso c2000 ac aGEN aCHU